000 00442nam a2200181Ia 4500
001 22612
005 20260414150842.0
008 260414t2015||||xx |||||||||||||| ||spa||
041 _aESP
082 _a621.3822
_bB75
100 _aBosch Roig, Ignacio
_eAUT
245 0 _aSeñales y sistemas :
_bteoría y problemas
260 _c2015
300 _a245 páginas :
_c24 cm.
650 _aTCA
654 _aCET
942 _cLIB
_dJUS
_fJUS
_2ddc
_n
999 _c22612
_d22612